000 00585nam a2200181 i 4500
001 97963
003 ES-MaACL
005 20230906182206.0
007 t|
008 050721s1962 sp ||||1| spa d
100 1 _aMaritain, Jacques.
_976903
245 1 0 _aUtilidad de la Filosofía
_b: (tres ensayos) /
_cJacques Maritain; [versión española, introducción y notas de Gonzalo Gonzalvo Mainar].
260 _aMadrid :
_bMorata,
_c1962.
300 _a103 p. ;
_c21 cm.
700 1 _aGonzalvo Mainar, Gonzalo.
_9181407
852 _aES-MaACL
_jC-22475
_bR.50273
999 _c97963
_d97963